| 000 | 01362cam a2200241 4500 | ||
|---|---|---|---|
| 001 | ABS67220 | ||
| 008 | 031121n2003 000 0 eng u | ||
| 035 | _a(Sirsi) u124425 | ||
| 100 | _aShohet, I. | ||
| 245 | _aBuilding evaluation methodology for setting maintenance priorities in hospital buildings | ||
| 260 | _c2003 | ||
| 490 |
_aConstruction Management and Economics _v21(7) October 2003, 681-692(12) |
||
| 520 | _aPresents the findings of research into the development of a Condition-Based Maintainance (CBM) scheme for large complex facilities. The effective implementation of CBM requires the development of performance indicators for building components and systems. The scheme involves monitoring the condition of building components, the development of parameters to ensure clear detection of failing building components and the provision of key performance indicators. Concludes that the evaluation of the condition of buildings is highly important for the success of any maintenance and rehabilitation programme. References and tables. | ||
| 590 | _aABS | ||
| 650 | _aCONDITION ASSESSMENT | ||
| 650 | _aPERFORMANCE INDICATORS | ||
| 650 | _aKEY PERFORMANCE INDICATORS | ||
| 650 | _aREHABILITATION | ||
| 650 | _aBUILDING COMPONENTS | ||
| 650 | _aHOSPITALS | ||
| 690 | _aBUILDING AND CONSTRUCTION-REPAIRS AND MAINTENANCE | ||
| 942 | _n0 | ||
| 999 |
_c73828 _d73828 |
||